| 000 | 00658cam a22002173a 4500 | ||
|---|---|---|---|
| 001 | 40988 | ||
| 003 | PGUSA | ||
| 005 | 20140828083924.0 | ||
| 008 | 121008s2012||||xxu|||||s|||||000 | eng d | ||
| 040 |
_aPGUSA _beng |
||
| 042 | _adc | ||
| 100 | 1 |
_aLamb, Mary, _d1764-1847 |
|
| 245 | 1 | 4 |
_aThe Works of Charles and Mary Lamb : _bMiscellaneous Prose _h[electronic resource] / _cMary Lamb |
| 260 |
_bProject Gutenberg, _c2012 |
||
| 506 | _aPublic domain in the USA. | ||
| 516 | _aElectronic text | ||
| 700 | 1 |
_aLucas, E. V. _q(Edward Verrall), _d1868-1938 |
|
| 830 | 0 |
_aProject Gutenberg _v40988 |
|
| 856 | 4 | 0 | _uhttp://www.gutenberg.org/ebooks/40988 |
| 942 | _cEB | ||
| 999 |
_c270240 _d270240 |
||